000 00389nmm a2200145Ia 4500
008 251105s9999||||xx |||||||||||||||||und||
041 _aspa
100 _aDefoe, Daniel
245 0 _aRobinson Crusoe
264 _a[Madrid, España] :
_bEdhasa,
_c2012
300 _a416 páginas
650 _aEnglish Narrative
856 _uhttps://public.digitaliapublishing.com/a/30911
942 _cCF
999 _c104605
_d104605